Comparative government and politics
Guardat en:
| Autor principal: | |
|---|---|
| Format: | Llibre |
| Idioma: | anglès |
| Publicat: |
Ane Books
2018
|
| Etiquetes: |
Afegir etiqueta
Sense etiquetes, Sigues el primer a etiquetar aquest registre!
|
MARC
| LEADER | 00000nam a22000007a 4500 | ||
|---|---|---|---|
| 008 | 240524b |||||||| |||| 00| 0 eng d | ||
| 020 | |a 9789386761126 | ||
| 100 | |a THAKUR, Sadhana | ||
| 245 | |a Comparative government and politics |c /Sadhana Thakur |g vi, 280p | ||
| 260 | |b Ane Books |c 2018 |h New Delhi |i 701221 |i 701222 |l JA66.T32 |m Politcal science |m Comparative government | ||
| 500 | |a it includes references and index | ||
| 942 | |a lcc |c BK |e Johnson |f 24/04/24 | ||
| 952 | |0 0 |1 0 |2 lcc |4 0 |6 JA0066 T32 |7 0 |9 5145 |a SSL |b HOL |c GJ |d 2024-05-24 |l 0 |o JA66.T32 |p 2024-0391 |r 2024-05-24 00:00:00 |t 701221 |w 2024-05-24 |y BK | ||
| 952 | |0 0 |1 0 |2 lcc |4 0 |6 JA0066 T32 |7 0 |9 5146 |a HOL |b HOL |c GJ |d 2024-05-24 |l 0 |o JA66.T32 |p 2024-0392 |r 2024-05-24 00:00:00 |t 701222 |w 2024-05-24 |y BK | ||
| 999 | |c 2557 |d 2557 | ||